IMF Glossary : English-French-Spanish.

This volume presents English, French, and Spanish words, phrases, and names of institutions most commonly encountered in IMF documents.

Bibliografiske detaljer
Institution som forfatter: International Monetary Fund
Format: Tidsskrift
Sprog:English
Udgivet: Washington, D.C. : International Monetary Fund, 1997.
Fag:
Online adgang:Full text available on IMF
LEADER 01154cas a2200241 a 4500
001 AALejournalIMF001508
008 230101c9999 xx r poo 0 0eng d
020 |c 30.00 USD 
020 |z 9781451961478 
040 |a BD-DhAAL  |c BD-DhAAL 
110 2 |a International Monetary Fund. 
245 1 0 |a IMF Glossary :   |b English-French-Spanish. 
264 1 |a Washington, D.C. :  |b International Monetary Fund,  |c 1997. 
300 |a 1 online resource (414 pages) 
500 |a <strong>Off-Campus Access:</strong> No User ID or Password Required 
500 |a <strong>On-Campus Access:</strong> No User ID or Password Required 
506 |a Electronic access restricted to authorized BRAC University faculty, staff and students 
520 3 |a This volume presents English, French, and Spanish words, phrases, and names of institutions most commonly encountered in IMF documents. 
538 |a Mode of access: Internet 
650 7 |a Informal Economy  |2 imf 
650 7 |a Monetary Policy  |2 imf 
650 7 |a Underground Econom  |2 imf 
856 4 0 |z Full text available on IMF  |u http://elibrary.imf.org/view/books/074/03309-9781451961478-en/03309-9781451961478-en-book.xml  |z IMF e-Library